The letter of St. Paul: (Record no. 16568)

000 -LEADER
fixed length control field 00656nam a2200181 a 4500
001 - CONTROL NUMBER
control field :::00019578$&:&@@
003 - CONTROL NUMBER IDENTIFIER
control field OkBaRHE
005 - DATE AND TIME OF LATEST TRANSACTION
control field 20010919150638.0
008 - FIXED-LENGTH DATA ELEMENTS--GENERAL INFORMATION
fixed length control field s1935 j 000 0 eng u
040 ## - CATALOGING SOURCE
Transcribing agency
100 1# - MAIN ENTRY--PERSONAL NAME
Personal name Way, Arthur S. (Arthur Sanders), 1847-1930.
245 14 - TITLE STATEMENT
Title The letter of St. Paul:
Remainder of title to seven churches and three friends with the letter to the Hebrews.
260 ## - PUBLICATION, DISTRIBUTION, ETC. (IMPRINT)
Place of publication, distribution, etc London, UK:EN., :
Name of publisher, distributor, etc Macmillan.
Date of publication, distribution, etc 1935
300 ## - PHYSICAL DESCRIPTION
Extent 252 p. ;
Dimensions 20 cm.
650 ## - SUBJECT ADDED ENTRY--TOPICAL TERM
Topical term or geographic name as entry element Bible New Testament Epistle of Paul
General subdivision Introductions
942 ## - ADDED ENTRY ELEMENTS (KOHA)
Source of classification or shelving scheme
Koha item type Books
Copies
Not for loan Barcode Withdrawn status Date last seen Damaged status Date acquired Permanent Location Lost status Shelving location Source of classification or shelving scheme Koha item type Price effective from Full call number Copy number
 19578 2018-03-27 2010-04-14RHEMA Bible Training College General Stacks Books2010-04-14BS 2643 .W31